[Event "St.Petersburg Summer Open"]
[Site "St Petersburg RUS"]
[Date "2016.08.24"]
[Round "8.31"]
[White "Egorov, Daniil"]
[Black "Lagashin, Pavel"]
[Result "1/2-1/2"]
[WhiteElo "2030"]
[BlackElo "2186"]
[WhiteFideId "24171956"]
[BlackFideId "24132144"]
[EventDate "2016.08.17"]

1. e4 e5 2. Nf3 Nc6 3. Bb5 g6 4. c3 a6 5. Ba4 Bg7 6. d4 exd4 7. cxd4 Nge7 8. Nc3
O-O 9. d5 b5 10. Bc2 Na5 11. O-O d6 12. h3 h6 13. Rb1 c6 14. dxc6 Nexc6 15. Bf4
Nc4 16. Bb3 Be6 17. Bxc4 Bxc4 18. Re1 Ne5 19. b3 Bd3 20. Rc1 b4 21. Nd5 Bb5 22.
Bxe5 dxe5 23. Nxb4 Qa5 24. Qd2 Rad8 25. Nd5 Qxd2 26. Nxd2 f5 27. f3 Rf7 28. a4
Bd3 29. Nb4 Bf8 30. Nc6 Re8 31. Re3 Rd7 32. Rc3 Bxe4 33. Nxe4 fxe4 34. Rxe4 Rd5
35. b4 Bd6 36. Ree3 Rd1+ 37. Kf2 Rb1 38. Rb3 Ra1 39. Ra3 Rxa3 40. Rxa3 a5 41.
Rb3 axb4 42. Rd3 Bc5+ 43. Ke2 e4 44. fxe4 Rxe4+ 45. Kd2 Re6 46. Nd8 Ra6 47. Nb7
Be7 48. a5 Kf7 49. Kc2 Ra7 50. Rd7 Ke8 51. Rc7 Ra6 52. Kb3 Rf6 53. Nc5 Rf1 54.
Kxb4 Rb1+ 55. Ka4 Ra1+ 56. Kb5 Rb1+ 57. Ka6 h5 58. Ne6 Rb2 59. Rb7 Rxg2 60. Nf4
Rg3 61. Rb6 Bd8 62. Rb5 Rf3 63. Rb4 h4 64. Kb7 Bxa5 65. Re4+ Kf7 66. Nxg6 Kxg6
67. Rxh4 Rc3 68. Rh8 Rc5 69. Rh4 Bd2 70. Rh8 Bh6 71. Rg8+ Bg7 72. Rc8 Rh5 73.
Kc6 Rxh3 74. Kd5 Kf5 75. Rc1 Rd3+ 76. Kc4 Rd4+ 77. Kc5 Rd8 78. Rf1+ Ke6 79. Kc4
Be5 80. Rb1 Kf5 81. Rf1+ Bf4 82. Re1 Bg3 83. Re3 Be5 84. Re1 Rd4+ 85. Kc5 Ke6
86. Rb1 Rd2 87. Rb6+ Bd6+ 88. Kc4 Ke5 89. Rb1 Rd4+ 90. Kc3 Kd5 91. Rb2 Rg4 92.
Rd2+ Kc5 93. Kd3 Rd4+ 94. Ke2 Rh4 95. Kf3 Be5 96. Rd8 Bd6 97. Ra8 Kd5 98. Ra5+
Bc5 99. Ra8 Rh7 100. Rd8+ Bd6 101. Ra8 Rf7+ 102. Kg4 Be5 103. Ra5+ Ke4 104. Ra4+
Bd4 105. Ra5 Rb7 106. Ra4 Rg7+ 107. Kh5 Kf5 108. Kh6 Rg4 109. Kh7 Kf6 110. Ra6+
Kf7 111. Kh6 Bf6 112. Ra5 Rh4+ 113. Rh5 Rb4 114. Ra5 Rf4 115. Rb5 Bd8 116. Rd5
Ra4 117. Rxd8 1/2-1/2

[Event "St.Petersburg Summer Open"]
[Site "St Petersburg RUS"]
[Date "2016.08.24"]
[Round "8.32"]
[White "Nasybullina, Alfia"]
[Black "Levdansky, Alexey"]
[Result "1-0"]
[WhiteTitle "WFM"]
[WhiteElo "2141"]
[BlackElo "1973"]
[WhiteFideId "4132416"]
[BlackFideId "34107581"]
[EventDate "2016.08.17"]

1. d4 d5 2. Nf3 Nf6 3. c4 c6 4. Qb3 e6 5. g3 Bd6 6. Bg2 Nbd7 7. Nc3 O-O 8. Bf4
Qe7 9. Bxd6 Qxd6 10. Rd1 Qc7 11. O-O Rd8 12. e4 Nb6 13. Ne5 a6 14. c5 Nbd7 15.
Nxd7 Nxd7 16. Rfe1 Nf6 17. e5 Nd7 18. Qc2 b6 19. b4 a5 20. a3 axb4 21. axb4 Ba6
22. f4 Bc4 23. f5 exf5 24. Qxf5 Nf8 25. Bh3 Ra3 26. Re3 Rb3 27. Qg5 Ne6 28. Bxe6
fxe6 29. cxb6 Qxb6 30. Qe7 Rxb4 31. Rf3 Qb8 32. Rf7 Kh8 33. Rxg7 Bd3 34. Qf6 Rf8
35. Rf7+ 1-0

[Event "St.Petersburg Summer Open"]
[Site "St Petersburg RUS"]
[Date "2016.08.24"]
[Round "8.33"]
[White "Hurtado, Felipe"]
[Black "Efremov, Vladislav"]
[Result "1-0"]
[WhiteElo "2132"]
[BlackElo "1937"]
[WhiteFideId "4405480"]
[BlackFideId "44159935"]
[EventDate "2016.08.17"]

1. e4 c5 2. Nf3 e6 3. d3 Nc6 4. g3 g6 5. Bg2 Bg7 6. O-O Nge7 7. c3 d5 8. Qe2 d4
9. c4 e5 10. Ng5 f6 11. Nh3 O-O 12. f4 Bd7 13. a3 Qc8 14. Nf2 a6 15. Nd2 a5 16.
h4 Qe8 17. Nf3 Nd8 18. h5 Nf7 19. hxg6 hxg6 20. Bh3 Bxh3 21. Nxh3 Nc6 22. Nh4
Nh8 23. Bd2 Qd7 24. Qh2 Rf7 25. f5 g5 26. Ng6 Rd8 27. Bxg5 fxg5 28. Nxg5 Bf6 29.
Nxf7 Qxf7 30. Nxh8 Bxh8 31. Kg2 Bf6 32. Rh1 Qg7 33. Qh5 Rd7 34. Qe8+ 1-0

[Event "St.Petersburg Summer Open"]
[Site "St Petersburg RUS"]
[Date "2016.08.24"]
[Round "8.34"]
[White "Slugin, Yaroslav"]
[Black "Mestnikov, Aisen"]
[Result "1-0"]
[BlackTitle "FM"]
[WhiteElo "1940"]
[BlackElo "2126"]
[WhiteFideId "34142913"]
[BlackFideId "34130117"]
[EventDate "2016.08.17"]

1. d4 Nf6 2. Nf3 e6 3. Bg5 h6 4. Bxf6 Qxf6 5. Nbd2 b6 6. e4 Bb7 7. Bd3 d5 8. O-O
dxe4 9. Nxe4 Qd8 10. Ne5 Be7 11. Qf3 O-O 12. Nf6+ Bxf6 13. Qxb7 Nd7 14. Qe4 g6
15. Nxg6 fxg6 16. Qxg6+ Bg7 17. Qh7+ Kf7 18. Bg6+ Kf6 19. Bh5 Rg8 20. Qg6+ Ke7
21. Rfe1 Qf8 22. Qxe6+ Kd8 23. Qd5 c6 24. Qxc6 Rc8 25. Qd5 Rxc2 26. Bg4 Qxf2+
27. Kh1 Qxg2+ 28. Qxg2 Rxg2 29. Kxg2 Bxd4 30. Kh3 Rg6 31. Rad1 Rd6 32. Re4 Be5
33. Rxd6 Bxd6 34. Rd4 Ke7 35. Bxd7 1-0

[Event "St.Petersburg Summer Open"]
[Site "St Petersburg RUS"]
[Date "2016.08.24"]
[Round "8.35"]
[White "Svidinsky, Dmitry"]
[Black "Shadunts, Kirill"]
[Result "1/2-1/2"]
[WhiteElo "2122"]
[BlackElo "1824"]
[WhiteFideId "24120251"]
[BlackFideId "34152781"]
[EventDate "2016.08.17"]

1. d4 d5 2. c4 e6 3. Nc3 Be7 4. Nf3 Nf6 5. Bg5 O-O 6. e3 h6 7. Bh4 b6 8. Bd3
dxc4 9. Bxc4 Bb7 10. O-O Nbd7 11. Qe2 Ne4 12. Bxe7 Qxe7 13. Nxe4 Bxe4 14. Rac1
c5 15. Rfd1 Rfd8 16. Bb5 Rac8 17. dxc5 Rxc5 18. Rxc5 Nxc5 19. b4 Nb7 20. a3 Nd6
21. Ba6 Nf5 22. Rxd8+ Qxd8 23. Nd2 Bc6 24. Qc4 Bxg2 25. Qc8 Qxc8 26. Bxc8 Bc6
27. Ba6 Kf8 28. Bd3 Nh4 29. Be2 f5 30. f4 g5 31. Kf2 Ke7 32. Nc4 Ng6 33. Bh5 Nf8
34. Ne5 Be8 35. Bxe8 Kxe8 36. b5 Ke7 37. Nc6+ Kd6 38. Nxa7 Kc5 39. e4 g4 40.
exf5 exf5 41. a4 Ng6 42. Ke3 Ne7 43. Kf2 h5 44. Kg3 Ng6 45. Nc6 h4+ 46. Kf2 Nxf4
47. Ne7 Nh3+ 48. Kf1 f4 49. Ng6 Kb4 50. Nxh4 Kxa4 51. Ng6 Kxb5 52. Ne5 Kc5 53.
Nxg4 Kd4 54. Kg2 Ng5 55. h4 Ne6 56. Kf3 b5 57. Nf2 Ke5 58. h5 Kf5 59. Nd3 Ng5+
60. Kf2 Ke4 61. Nc5+ Kd4 62. Na6 Ke5 63. Nb4 Ke4 64. h6 Nh7 65. Ke2 Nf6 66. Kf1
Kf3 67. Nd5 Nh7 68. Ke1 Kg3 69. Kd2 f3 70. Kc3 f2 71. Ne3 Kf3 72. Nf1 Ke2 73.
Ng3+ Kf3 1/2-1/2

[Event "St.Petersburg Summer Open"]
[Site "St Petersburg RUS"]
[Date "2016.08.24"]
[Round "8.37"]
[White "Ustinov, Alexey"]
[Black "Popovich, Alexey"]
[Result "0-1"]
[WhiteElo "2117"]
[BlackElo "1818"]
[WhiteFideId "24126209"]
[BlackFideId "54177448"]
[EventDate "2016.08.17"]

1. d4 d5 2. Nf3 Nf6 3. Bf4 c5 4. e3 Nc6 5. c3 Bg4 6. Nbd2 e6 7. h3 Bh5 8. Qb3
Qb6 9. Be2 c4 10. Qxb6 axb6 11. a3 b5 12. O-O Be7 13. Rae1 O-O 14. Ne5 Bxe2 15.
Rxe2 Nxe5 16. Bxe5 Nd7 17. Bg3 Nb6 18. Rc1 f5 19. Kf1 Nc8 20. f3 Nd6 21. Kg1 g5
22. Rce1 Kg7 23. Be5+ Kg6 24. e4 dxe4 25. fxe4 f4 26. g3 fxg3 27. Bxg3 Rad8 28.
Kg2 Nf7 29. Nf3 Bd6 30. Rf2 Bxg3 31. Kxg3 Nd6 32. h4 h6 33. hxg5 hxg5 34. Ne5+
Kg7 35. Ng4 Rxf2 36. Nxf2 Rf8 37. Nh3 Kg6 38. Kg4 Nf7 39. Re2 Nh6+ 40. Kg3 Rf1
41. Kg2 Rf6 42. e5 Rf7 43. Nf2 Nf5 44. Ne4 Kh5 45. Nf6+ Kg6 46. Kf3 Rf8 47. Rh2
Nh4+ 48. Kg4 Nf5 49. Rh3 Nh6+ 50. Kg3 Nf5+ 51. Kf3 Nh6 52. Ke4 Nf5 53. Nd7 Rf7
54. Nf6 Rf8 55. Kf3 Nh6 56. Rg3 Ng8 57. Ke4 Nxf6+ 58. exf6 Rxf6 59. Rg2 Rf5 60.
Rh2 g4 61. Rh8 Kg5 62. Rh7 g3 63. Rxb7 Kg4 64. Ke3 g2 65. Rg7+ Kh3 66. Rh7+ Kg3
67. Rg7+ Kh2 68. Rh7+ Kg1 69. Ke2 Rf2+ 70. Ke1 Rxb2 71. Rh6 Rc2 72. Rh3 Ra2 73.
Rh6 Rxa3 74. Kd2 Ra2+ 75. Ke3 Rf2 76. d5 exd5 77. Ra6 Rc2 0-1

[Event "St.Petersburg Summer Open"]
[Site "St Petersburg RUS"]
[Date "2016.08.24"]
[Round "8.38"]
[White "Lyazhkov, Sergey"]
[Black "Brugo, Marco"]
[Result "0-1"]
[WhiteElo "1799"]
[BlackElo "2053"]
[WhiteFideId "34132624"]
[BlackFideId "806609"]
[EventDate "2016.08.17"]

1. d4 e6 2. c4 f5 3. Nf3 Nf6 4. g3 Be7 5. Bg2 d6 6. O-O O-O 7. Nc3 Ne4 8. Qc2
Nxc3 9. Qxc3 Nc6 10. d5 Bf6 11. Qc2 Nb4 12. Qd1 e5 13. Bd2 Na6 14. Bc3 Nc5 15.
b4 Ne4 16. Bb2 g5 17. Ne1 g4 18. f3 gxf3 19. exf3 Ng5 20. Nd3 f4 21. Nf2 fxg3
22. hxg3 Qe8 23. Ne4 Nxe4 24. fxe4 Qg6 25. Qd3 Kh8 26. Bc3 Rg8 27. Qf3 Bg5 28.
Be1 Bg4 29. Qf7 Be3+ 0-1

[Event "St.Petersburg Summer Open"]
[Site "St Petersburg RUS"]
[Date "2016.08.24"]
[Round "8.39"]
[White "Shinkevich, Maksim"]
[Black "Israyelyan, Eduard"]
[Result "0-1"]
[WhiteElo "2052"]
[BlackElo "1808"]
[WhiteFideId "24176389"]
[BlackFideId "13310550"]
[EventDate "2016.08.17"]

1. d4 Nf6 2. c4 g6 3. Nc3 Bg7 4. e4 d6 5. f3 O-O 6. Be3 e5 7. d5 a5 8. Qd2 Nh5
9. Bd3 a4 10. Nge2 a3 11. b3 Na6 12. Rd1 f5 13. exf5 gxf5 14. Nb5 e4 15. fxe4
fxe4 16. Bb1 Qh4+ 17. g3 Qg4 18. Nf4 Bd7 19. Nd4 Nxf4 20. Bxf4 Nc5 21. Ne2 Nd3+
22. Bxd3 exd3 23. Qxd3 Rae8 24. h3 Qh5 25. Rh2 Bf5 26. Qd2 Bg4 27. Qd3 Bxe2 28.
Rxe2 Bc3+ 29. Kf2 Bd4+ 30. Kf1 Qxh3+ 31. Ke1 Rxe2+ 32. Qxe2 Bc3+ 33. Kf2 Be5 34.
Qf3 Qh2+ 35. Qg2 Qxg2+ 36. Kxg2 Bxf4 37. gxf4 Rxf4 38. Kg3 Rf5 39. b4 Rg5+ 40.
Kf3 Rf5+ 41. Kg3 Re5 42. Kf3 Rh5 43. Kg3 Rg5+ 44. Kf3 h5 45. Rd3 Rg4 46. Rxa3
Rxc4 47. b5 Rc5 48. Ra8+ Kf7 49. a4 b6 50. Ke4 h4 51. Ra7 Kf6 52. Kf4 Rc4+ 53.
Kf3 Ke5 54. a5 bxa5 55. Rxa5 Rc5 56. Kg4 Kxd5 57. Ra7 Rc4+ 58. Kh3 Kd4 59. Rb7
Kc3 60. b6 cxb6 61. Rxb6 d5 62. Rd6 d4 63. Kxh4 d3+ 64. Kg3 d2 65. Kf2 Kc2 66.
Ke2 Re4+ 67. Kf3 Re1 0-1

[Event "St.Petersburg Summer Open"]
[Site "St Petersburg RUS"]
[Date "2016.08.24"]
[Round "8.40"]
[White "Glazov, Anatoly"]
[Black "Mestnikov, Aital"]
[Result "0-1"]
[WhiteElo "1766"]
[BlackElo "2040"]
[WhiteFideId "4192281"]
[BlackFideId "24175943"]
[EventDate "2016.08.17"]

1. Nf3 Nf6 2. c4 g6 3. d4 Bg7 4. Nc3 d5 5. Bg5 Ne4 6. Bf4 Nxc3 7. bxc3 dxc4 8.
Qa4+ c6 9. Qxc4 Be6 10. Qd3 Nd7 11. Ng5 Nc5 12. Qc2 Qa5 13. e3 Bf5 14. Qc1 h6
15. Nf3 Ne4 16. Bd3 Nxc3 17. Bxf5 Ne4+ 18. Nd2 gxf5 19. Rb1 e5 20. dxe5 Rd8 21.
Rb2 O-O 22. Ke2 Nc3+ 23. Ke1 Rd5 24. f3 Rfd8 25. e4 fxe4 26. Kf2 Bxe5 27. fxe4
Bxf4 28. exd5 Qc5+ 29. Kf1 Qe3 30. Qe1 Qd3+ 31. Kf2 Bxd2 0-1

[Event "St.Petersburg Summer Open"]
[Site "St Petersburg RUS"]
[Date "2016.08.24"]
[Round "8.41"]
[White "Grigoriev, Oleg"]
[Black "Timirev, Sergey"]
[Result "1-0"]
[WhiteElo "2033"]
[BlackElo "1693"]
[WhiteFideId "24175528"]
[BlackFideId "24181676"]
[EventDate "2016.08.17"]

1. e4 c5 2. Nf3 Nc6 3. d4 cxd4 4. Nxd4 Nf6 5. Nc3 d6 6. Bg5 Bd7 7. Qd2 Rc8 8.
O-O-O Nxd4 9. Qxd4 Qa5 10. f4 Qc5 11. e5 dxe5 12. fxe5 e6 13. exf6 Qxg5+ 14. Kb1
Bc6 15. Ne4 Qd5 16. fxg7 Bxg7 17. Nd6+ Kf8 18. Qxd5 1-0

[Event "St.Petersburg Summer Open"]
[Site "St Petersburg RUS"]
[Date "2016.08.24"]
[Round "8.42"]
[White "Klinkov, Evgeny"]
[Black "Grausgruber, Rene"]
[Result "0-1"]
[WhiteElo "1738"]
[BlackElo "2014"]
[WhiteFideId "24223433"]
[BlackFideId "1610074"]
[EventDate "2016.08.17"]

1. d4 Nf6 2. c4 e5 3. dxe5 Ng4 4. Nf3 Nc6 5. e6 fxe6 6. Nc3 Bc5 7. e3 O-O 8. Be2
b6 9. a3 Bb7 10. b4 Be7 11. Bb2 Qe8 12. h3 Nge5 13. Qc2 Qg6 14. Qxg6 Nxg6 15.
O-O-O d6 16. Nb5 Bd8 17. Rhg1 e5 18. h4 a5 19. Ng5 axb4 20. Ne6 Rxf2 21. Nxd8
Rxd8 22. Bf3 bxa3 23. Bd5+ Kh8 24. Bxa3 Na5 25. Bxb7 Nxb7 26. h5 Ne7 27. Rdf1
Rdf8 28. Rxf2 Rxf2 29. Nxc7 Nf5 30. Nd5 Na5 31. Nxb6 Nb3+ 32. Kb1 Nxe3 33. Bxd6
Nd2+ 34. Kc1 Ndxc4 35. Nxc4 Nxc4 36. Bc5 Ra2 37. Kb1 Rb2+ 38. Kc1 Rb5 39. Rf1 h6
40. Rf8+ Kh7 41. Rc8 Rb7 42. Kc2 Rd7 43. Kc3 Nd2 44. Be3 Ne4+ 45. Kc2 Ng3 46.
Rc5 Re7 47. Kd3 Nxh5 48. Ke4 Nf6+ 49. Kf5 Ne8 50. Rxe5 Nd6+ 0-1

[Event "St.Petersburg Summer Open"]
[Site "St Petersburg RUS"]
[Date "2016.08.24"]
[Round "8.43"]
[White "Kuznetsov, Mikhail"]
[Black "Stepanov, Andrey"]
[Result "1/2-1/2"]
[WhiteElo "1699"]
[BlackElo "1995"]
[WhiteFideId "54126738"]
[BlackFideId "24198730"]
[EventDate "2016.08.17"]

1. d4 Nf6 2. c4 g6 3. f3 Bg7 4. e4 d6 5. Nc3 O-O 6. Be3 Nc6 7. Nge2 a6 8. d5 Nb8
9. Ng3 c5 10. Rc1 b5 11. cxb5 axb5 12. Bxb5 Ba6 13. Bxa6 Rxa6 14. O-O Nbd7 15.
a4 Ne8 16. b3 Nc7 17. f4 Qa8 18. Qg4 Nf6 19. Qe2 Rb8 20. Rb1 Rab6 21. Qc2 Ng4
22. Bc1 Qb7 23. h3 Nf6 24. Rf3 Nd7 25. Nce2 Qa7 26. Be3 Rb4 27. Bf2 h5 28. Nf1
Qa8 29. Be1 R4b6 30. Bc3 Nf6 31. Nd2 Na6 32. Nc4 Nb4 33. Nxb6 Rxb6 34. Bxb4 Rxb4
35. Nc3 Qa7 36. Nb5 Qa8 37. Re1 Qa5 38. Re2 Qb6 39. Kf1 Kh7 40. g3 Qb7 41. Kg2
Qd7 42. f5 Ng8 43. g4 hxg4 44. hxg4 Be5 45. g5 Kg7 46. Qd3 f6 47. Qd2 gxf5 48.
gxf6+ Nxf6 49. Qg5+ Kf7 50. Rxf5 Rxb3 51. Qh5+ Kf8 52. Qh8+ Kf7 53. Rg5 Rg3+ 54.
Rxg3 Bxg3 55. Kxg3 Qg4+ 56. Kf2 Qf4+ 57. Kg1 Qg5+ 58. Kf1 Qc1+ 59. Kg2 Qg5+ 60.
Kh1 Qc1+ 1/2-1/2

[Event "St.Petersburg Summer Open"]
[Site "St Petersburg RUS"]
[Date "2016.08.24"]
[Round "8.44"]
[White "Bobolev, Stanislav"]
[Black "Pavlova, Natalia"]
[Result "0-1"]
[WhiteElo "1604"]
[BlackElo "1977"]
[WhiteFideId "24282855"]
[BlackFideId "24135615"]
[EventDate "2016.08.17"]

1. e4 c5 2. Nf3 Nc6 3. d4 cxd4 4. Nxd4 g6 5. Nc3 Bg7 6. Be3 Nf6 7. f3 O-O 8. Qd2
d5 9. Nxc6 bxc6 10. O-O-O Be6 11. Bh6 Qa5 12. Bxg7 Kxg7 13. Qg5 Rab8 14. Qe5 Qb4
15. Nb1 dxe4 16. a3 Qb6 17. g4 Qe3+ 18. Nd2 Rbd8 19. Bg2 Qf2 20. g5 Qxg2 21.
fxe4 Rxd2 22. Rdg1 Rxc2+ 23. Kb1 Qe2 24. gxf6+ exf6 25. Qd4 c5 0-1

[Event "St.Petersburg Summer Open"]
[Site "St Petersburg RUS"]
[Date "2016.08.24"]
[Round "8.45"]
[White "Gatalov, Dmitriy"]
[Black "Rubtsov, Aleksandr"]
[Result "0-1"]
[WhiteElo "1919"]
[BlackElo "1817"]
[WhiteFideId "44153546"]
[BlackFideId "34179272"]
[EventDate "2016.08.17"]

1. d4 d5 2. c4 e6 3. Nf3 Nf6 4. Nc3 c6 5. Bg5 dxc4 6. e4 b5 7. e5 h6 8. Bh4 g5
9. Nxg5 hxg5 10. Bxg5 Be7 11. exf6 Bxf6 12. Bxf6 Qxf6 13. g3 Bb7 14. Bg2 Na6 15.
Nxb5 O-O-O 16. Nxa7+ Kb8 17. Nxc6+ Bxc6 18. Bxc6 Nb4 19. Be4 Rxd4 20. Qe2 Rxe4
21. Qxe4 Nd3+ 22. Ke2 Qxb2+ 23. Kf3 Qxf2+ 24. Kg4 f5+ 0-1

[Event "St.Petersburg Summer Open"]
[Site "St Petersburg RUS"]
[Date "2016.08.24"]
[Round "8.46"]
[White "Smirnov, Dmitrii"]
[Black "Kuzmichev, Artem"]
[Result "0-1"]
[WhiteElo "1569"]
[BlackElo "1917"]
[WhiteFideId "34191868"]
[BlackFideId "34191850"]
[EventDate "2016.08.17"]

1. e4 c5 2. Nf3 Nf6 3. Nc3 Nc6 4. d4 d5 5. exd5 Nxd5 6. Bb5 Nxc3 7. Bxc6+ bxc6
8. bxc3 Ba6 9. Ne5 Qd5 10. f3 Rd8 11. Be3 e6 12. Kf2 Be7 13. h4 O-O 14. Qd2 cxd4
15. cxd4 c5 16. c3 cxd4 17. cxd4 f6 18. Nd3 e5 19. Nb4 Bxb4 20. Qxb4 exd4 21.
Bf4 Qf5 22. Qd2 Rfe8 23. Rhe1 Qd5 24. Rad1 d3 25. Rc1 Qh5 26. Kg3 h6 27. Be3 Qf7
28. Qa5 Bc4 29. a3 a6 30. a4 Rd7 31. Qb4 Rxe3 32. Rxe3 d2 33. Rd1 Qg6+ 34. Kf2
Qc2 35. Rc3 Qxd1 36. Qxc4+ Kh8 37. Qe4 Rd8 38. Qe7 Rg8 39. Rd3 Qxa4 40. Rxd2
Qxh4+ 41. Ke2 Qh5 42. Kf2 Qb5 43. Rd7 a5 44. Ra7 a4 45. Kg3 f5 46. Kf2 f4 47.
Kg1 Qb3 48. Kh2 Qe3 49. Qb4 Qxa7 0-1

[Event "St.Petersburg Summer Open"]
[Site "St Petersburg RUS"]
[Date "2016.08.24"]
[Round "8.47"]
[White "Yakovlev, Yuri S."]
[Black "Dubrovskiy, Vladimir"]
[Result "0-1"]
[WhiteElo "1891"]
[BlackElo "1647"]
[WhiteFideId "4173929"]
[BlackFideId "44185316"]
[EventDate "2016.08.17"]

1. e4 c6 2. d4 d5 3. e5 Bf5 4. g4 Be4 5. f3 Bg6 6. h4 h5 7. Ne2 e6 8. Nf4 Ne7 9.
Nxg6 Nxg6 10. g5 c5 11. c3 Qb6 12. Rh2 Nc6 13. Be3 cxd4 14. Bxd4 Bc5 15. Na3
Bxd4 16. cxd4 Nxd4 17. Qa4+ Nc6 18. f4 Qe3+ 19. Re2 Qxf4 20. Qxf4 Nxf4 21. Re3
Ng6 22. Bb5 O-O 23. Bxc6 bxc6 24. Kd2 c5 25. b3 a5 26. Nc2 a4 27. b4 cxb4 28.
Nxb4 Rfc8 29. Rc1 Rxc1 30. Kxc1 Rc8+ 31. Kb2 Rc4 32. Ka3 Rxh4 33. Kxa4 d4 34.
Re1 d3 35. Kb3 d2 36. Rd1 Nxe5 37. Rxd2 Rh1 38. Re2 f6 39. Nc2 h4 40. a4 h3 41.
gxf6 gxf6 42. a5 h2 43. Ne1 Nf3 44. a6 Rxe1 0-1

[Event "St.Petersburg Summer Open"]
[Site "St Petersburg RUS"]
[Date "2016.08.24"]
[Round "8.48"]
[White "Shidlovskiy, Artemiy"]
[Black "Smorodkin, Kirill"]
[Result "1-0"]
[WhiteElo "1884"]
[BlackElo "1624"]
[WhiteFideId "34106895"]
[BlackFideId "44176678"]
[EventDate "2016.08.17"]

1. d4 Nf6 2. c4 g6 3. Nc3 Bg7 4. e4 d6 5. Be2 O-O 6. Bg5 h6 7. Be3 Nc6 8. f3 h5
9. Qd2 Re8 10. O-O-O e5 11. d5 Nd4 12. h4 a5 13. Nh3 a4 14. Rdg1 Bd7 15. g4
Nxe2+ 16. Qxe2 Qc8 17. Nf2 a3 18. b3 b6 19. g5 Nh7 20. Nb5 Nf8 21. Kb1 Ra5 22.
Bd2 Ra8 23. Nd1 Bxb5 24. cxb5 Nd7 25. Nf2 Qb7 26. Nd3 Nc5 27. Nb4 Nd7 28. Nc6
Nb8 29. Nb4 Nd7 30. Nc2 Nc5 31. Bb4 Ra7 32. Rg2 Rea8 33. Qc4 Rb8 34. Rc1 Qc8 35.
Rg3 Qd7 36. Bd2 Re8 37. Nb4 Raa8 38. Nc6 Bh8 39. Kc2 Kh7 40. Rcg1 Nb7 41. Kd3
Nc5+ 42. Ke2 Bg7 43. Bb4 Nb7 44. Rc1 f6 45. gxf6 Bxf6 46. Rh1 Nd8 47. Nxd8 Qxd8
48. Rgh3 Re7 49. Bd2 Rf7 50. Kd3 Qf8 51. R1h2 Bd8 52. Rf2 Bf6 53. Qc1 Qe7 54.
Rfh2 Qd7 55. Kc4 Bg7 56. b4 Bf6 57. Qc3 Qc8 58. Bc1 Ra7 59. Rg3 Qd8 60. Rhg2 Bg7
61. Rxg6 Qxh4 62. Qe3 Qf4 63. Qg1 Qxf3 64. Rxg7+ 1-0

[Event "St.Petersburg Summer Open"]
[Site "St Petersburg RUS"]
[Date "2016.08.24"]
[Round "8.49"]
[White "Divaev, Vadim"]
[Black "Zhemchuzhina, Elizaveta"]
[Result "1-0"]
[WhiteElo "1664"]
[BlackElo "1867"]
[WhiteFideId "24238724"]
[BlackFideId "34106607"]
[EventDate "2016.08.17"]

1. d4 Nf6 2. Nf3 e6 3. c4 b6 4. Nc3 Bb4 5. e3 Ne4 6. Qc2 Bb7 7. Bd3 f5 8. O-O
Bxc3 9. bxc3 d6 10. d5 exd5 11. cxd5 Bxd5 12. c4 Bb7 13. Nd4 Qg5 14. f3 Nc5 15.
Bxf5 Nc6 16. Re1 Ne7 17. e4 Qh5 18. e5 O-O 19. Bg4 Qg6 20. exd6 cxd6 21. Rxe7
Qf6 22. Nf5 Qxa1 23. Rxg7+ Kh8 24. Qb2 Qxb2 25. Bxb2 Nd3 26. Rg8+ Kxg8 27. Nh6# 1-0

[Event "St.Petersburg Summer Open"]
[Site "St Petersburg RUS"]
[Date "2016.08.24"]
[Round "8.50"]
[White "Zabolotnov, Evgeny"]
[Black "Pitkanen, Juhani"]
[Result "1-0"]
[WhiteElo "1994"]
[BlackElo "1676"]
[WhiteFideId "34157619"]
[BlackFideId "504432"]
[EventDate "2016.08.17"]

1. d4 Nf6 2. c4 g6 3. Nc3 Bg7 4. e4 d6 5. f3 O-O 6. Be3 c5 7. Nge2 Nc6 8. Qd2
Nd7 9. h4 cxd4 10. Nxd4 h5 11. Be2 Nde5 12. O-O-O f5 13. exf5 Nxd4 14. Bxd4 Bxf5
15. g4 hxg4 16. fxg4 Nxg4 17. Bxg7 Kxg7 18. Bxg4 Bxg4 19. Qd4+ e5 20. Qxg4 Rf4
21. Qe6 Rf6 22. Qd5 Qb6 23. Qd3 Rf2 24. Rd2 Rxd2 25. Qxd2 Qc5 26. h5 Rh8 27. h6+
Kh7 28. Qg5 Qc7 29. Rf1 Qd7 30. Nd5 1-0

[Event "St.Petersburg Summer Open"]
[Site "St Petersburg RUS"]
[Date "2016.08.24"]
[Round "8.51"]
[White "Lapin, Nikita"]
[Black "Pankova, Julia"]
[Result "0-1"]
[WhiteElo "1641"]
[BlackElo "1845"]
[WhiteFideId "34164887"]
[BlackFideId "34103276"]
[EventDate "2016.08.17"]

1. e4 c5 2. Nf3 Nc6 3. Bb5 d6 4. d4 cxd4 5. Nxd4 Bd7 6. Nc3 g6 7. Be3 Bg7 8. O-O
Nf6 9. f3 O-O 10. Bxc6 bxc6 11. Qd2 Rb8 12. Rab1 Qc7 13. Bh6 Bxh6 14. Qxh6 Qb6
15. Rfd1 e5 16. Na4 Qb4 17. Nf5 Bxf5 18. exf5 Qxa4 19. b3 Qb5 20. Qg5 Ne8 21. f6
e4 22. Qf4 Qf5 23. Qxe4 Qxe4 24. fxe4 Rb5 25. Rf1 Re5 26. Rf4 Nc7 27. Rd1 d5 28.
exd5 Rxd5 29. Rxd5 Nxd5 30. Re4 Rc8 31. Ra4 Rc7 32. c4 Nxf6 33. b4 Ne4 34. b5
cxb5 35. Ra3 bxc4 36. Kf1 c3 37. Rxc3 Rxc3 38. Ke2 Ra3 39. g4 a5 40. g5 a4 41.
h4 Rxa2+ 42. Kd1 a3 43. Kc1 Rh2 44. Kb1 a2+ 45. Ka1 Nc3 46. h5 Rh1+ 47. Kb2
a1=Q+ 48. Kb3 Rb1+ 49. Kc4 Qa4+ 50. Kxc3 Qd1 51. Kc4 Rc1+ 52. Kb4 Qd8 53. hxg6
Qb8+ 54. Ka3 Ra1# 0-1

[Event "St.Petersburg Summer Open"]
[Site "St Petersburg RUS"]
[Date "2016.08.24"]
[Round "8.52"]
[White "Turetsky, Mark"]
[Black "Delevic, Nina"]
[Result "1/2-1/2"]
[WhiteElo "1622"]
[BlackElo "1776"]
[WhiteFideId "24121851"]
[BlackFideId "939650"]
[EventDate "2016.08.17"]

1. d4 d5 2. Bf4 Nf6 3. e3 g6 4. Nf3 Nbd7 5. c4 c6 6. Bd3 Nh5 7. Bg3 Nxg3 8. fxg3
Bg7 9. Nc3 dxc4 10. Bxc4 O-O 11. O-O e5 12. Rc1 exd4 13. exd4 Nb6 14. Bb3 Bg4
15. Ne2 Nd5 16. Qd2 g5 17. h3 Bf5 18. g4 Be4 19. Nc3 Bxf3 20. Rxf3 Nb6 21. Ne2
a5 22. Bc4 Nxc4 23. Rxc4 Qd5 24. Rfc3 Rfd8 25. a3 Qe4 26. Qc2 Re8 27. Qxe4 Rxe4
28. Rc2 Rd8 29. Ra4 Bxd4+ 30. Nxd4 Rexd4 31. Rxd4 Rxd4 32. Kf2 Kg7 33. Ke3 Rd5
34. Rf2 Kf8 35. Ke4 Ke7 36. g3 Ke6 37. b4 Rd1 38. Rf3 Re1+ 39. Kd4 1/2-1/2